Σήματα και συστήματα συνεχούς και διακριτού χρόνου με Matlab και Octave
Αποθηκεύτηκε σε:
| Κύριος συγγραφέας: | |
|---|---|
| Μορφή: | Βιβλίο |
| Γλώσσα: | Greek |
| Δημοσίευση: |
Θεσσαλονίκη :
Τζιόλα,
c2022.
|
| Έκδοση: | 3η έκδ. |
| Θέματα: | |
| Ετικέτες: |
Προσθήκη ετικέτας
Δεν υπάρχουν, Καταχωρήστε ετικέτα πρώτοι!
|
MARC
| LEADER | 00000nam a2200000 a 4500 | ||
|---|---|---|---|
| 001 | 1/126016 | ||
| 008 | 230126s2022####gr da ||| |||| ||gre|| | ||
| 020 | |a 9789604189502 | ||
| 040 | |a GR-MyUa |b gre |c GR-MyUa |e AACR2 | ||
| 041 | 0 | |a gre | |
| 082 | 7 | |a 621.3822 |2 (23) | |
| 100 | 1 | |a Παρασκευάς, Μιχάλης. | |
| 245 | 1 | 0 | |a Σήματα και συστήματα συνεχούς και διακριτού χρόνου με Matlab και Octave / |c Μιχάλης Παρασκευάς. |
| 250 | |a 3η έκδ. | ||
| 260 | |a Θεσσαλονίκη : |b Τζιόλα, |c c2022. | ||
| 300 | |a 670 σ. : |b πιν., εικ. ; |c 30 εκ. | ||
| 504 | |a Βιβλιογραφία: σ. 661-662. Ευρετήριο: σ. 663-670. | ||
| 630 | 0 | 0 | |a MATLAB. |
| 650 | 0 | |a Signal processing |x Digital techniques |x Data processing. | |
| 650 | 0 | |a Signal theory (Telecommunication) | |
| 852 | |a INST |b LESVOS |c EUDOXUS |e 20230126 |h 621.3822 ΠΑΡ |p 005100064829 |q 005100064829 |t EDX |y 0 | ||
| 920 | |a Εύδοξος |b Παραγγελία |y Λέσβος-ΤΩΘΒ |z 2023-01 | ||
| 970 | |a Καμάτσου |b Δέσποινα |z 26-01-2023 | ||